<?xml version="1.0" encoding="UTF-8"?>
<record
    xmlns:xsi="http://www.w3.org/2001/XMLSchema-instance"
    xsi:schemaLocation="http://www.loc.gov/MARC21/slim http://www.loc.gov/standards/marcxml/schema/MARC21slim.xsd"
    xmlns="http://www.loc.gov/MARC21/slim">

  <leader>00544nam a22001577a 4500</leader>
  <controlfield tag="003">OSt</controlfield>
  <controlfield tag="005">20260324144750.0</controlfield>
  <controlfield tag="008">240420b           ||||| |||| 00| 0 eng d</controlfield>
  <datafield tag="040" ind1=" " ind2=" ">
    <subfield code="c">AIMIT LIBRARY</subfield>
  </datafield>
  <datafield tag="100" ind1=" " ind2=" ">
    <subfield code="a">CP, Mohammed Ajmal</subfield>
    <subfield code="e">2117034</subfield>
    <subfield code="9">161740</subfield>
  </datafield>
  <datafield tag="245" ind1=" " ind2=" ">
    <subfield code="a">Development of CRISPR-Cas9 algorithm for designing RNAs /</subfield>
    <subfield code="c">By Mohammed Ajmal CP</subfield>
  </datafield>
  <datafield tag="700" ind1=" " ind2=" ">
    <subfield code="a">N, Hemalatha</subfield>
    <subfield code="e">Mentor</subfield>
    <subfield code="9">161741</subfield>
  </datafield>
  <datafield tag="700" ind1=" " ind2=" ">
    <subfield code="a">Manimekalai, R</subfield>
    <subfield code="e">Guide</subfield>
    <subfield code="9">161742</subfield>
  </datafield>
  <datafield tag="856" ind1=" " ind2=" ">
    <subfield code="3">ICAR-Sugarcane Breeding Institute , Coimbatore</subfield>
    <subfield code="u">htttps://sugarcane.icar.gov.in</subfield>
  </datafield>
  <datafield tag="942" ind1=" " ind2=" ">
    <subfield code="2">ddc</subfield>
    <subfield code="c">PRO</subfield>
  </datafield>
  <datafield tag="999" ind1=" " ind2=" ">
    <subfield code="c">230727</subfield>
    <subfield code="d">230727</subfield>
  </datafield>
  <datafield tag="952" ind1=" " ind2=" ">
    <subfield code="0">0</subfield>
    <subfield code="1">0</subfield>
    <subfield code="2">ddc</subfield>
    <subfield code="4">0</subfield>
    <subfield code="7">1</subfield>
    <subfield code="8">PR_MCA</subfield>
    <subfield code="a">AIMIT</subfield>
    <subfield code="b">AIMIT</subfield>
    <subfield code="d">2024-04-20</subfield>
    <subfield code="l">0</subfield>
    <subfield code="p">PRC01390</subfield>
    <subfield code="r">2024-04-20 00:00:00</subfield>
    <subfield code="t">2117034</subfield>
    <subfield code="u">htttps://sugarcane.icar.gov.in</subfield>
    <subfield code="w">2024-04-20</subfield>
    <subfield code="y">PRO</subfield>
  </datafield>
</record>
